石油輸出国機構(OPEC)の加盟国 - Statistics

General Stats
  • This quiz has been taken 146 times
  • The average score is 13 of 23
Answer Stats
加盟年 加盟国 % Correct
1960年 サウジアラビア
98%
1960年 イラン
96%
1960年 イラク
94%
1967年 アラブ首長国連邦
88%
1960年 クウェート
85%
2016年 オマーン
82%
2016年 バーレーン
71%
2016年 ロシア
70%
1960年 ベネズエラ
65%
2016年 アゼルバイジャン
59%
1962年 リビア
56%
1969年 アルジェリア
50%
1971年 ナイジェリア
50%
2016年 マレーシア
40%
2016年 スーダン
39%
2016年 メキシコ
38%
2016年 カザフスタン
34%
2018年 コンゴ共和国
31%
2016年 南スーダン
30%
2016年 ブルネイ
26%
1975年 ガボン
23%
2017年 赤道ギニア
21%
2016年 フィリピン
19%
No matching quizzes found
Score Distribution
Percent of People with Each Score
Percentile by Number Answered
Your Score History
You have not taken this quiz